000 00623nam a2200217 i 4500
001 86876
003 ES-MaACL
005 20230906175537.0
007 t|
008 041216s1978 sp ||||1| spa d
100 1 _aKlingenberg, W.
_968272
245 1 0 _aCurso de geometría diferencial /
_cW. Klingenberg ; versión de J.L. Andrés Yebra.
250 _a[1ª ed.].
260 _a[Madrid] :
_bAlhambra,
_c[1978]
300 _aX, 206 p. :
_bil. ;
_c20 cm.
490 1 _aExedra
700 1 _aAndrés Yebra, J. L.
_921624
830 0 _aExedra
_9177436
852 _aES-MaACL
_jA-8479
_bR.97492
999 _c86876
_d86876